000 00583nam a2200193Ia 4500
008 240729s9999 xx 000 0 und d
022 _a2673-7426
245 0 _aBioMedInformatics
260 _aSwitzerland
260 _bMDPI AG
650 _a Computer applications to medicine. Medical informatics
650 _a Internal medicine
650 _a Medicine (General)
650 _a Neurosciences. Biological psychiatry. Neuropsychiatry | Medicine
650 _aMedicine
856 _uhttps://doaj.org/toc/6fd91b5998d24f549e69306eb7156b5f
942 _2ddc
942 _cDOAJEJ
999 _c72983
_d72983
945 _a1
_bMadushi Gamage
_c1
_dMadushi Gamage